DIDINFO '98 zborník z kolokvia o vyučovaní informatiky na základných a stredných školách 2. zv.

Bibliographic Details
Corporate Author: DidInfo Banská Bystrica, Slovensko (Author)
Format: Conference Proceeding Book
Language:Slovak
PhysicalDescription:Strana 85-142 grafy, schémy, tabuľky 21 cm
Published: Banská Bystrica Metodické centrum 1999
ISBN:8080412618
Subjects:

MARC

LEADER 00000cam a2200000 a 4500
001 vtls001359409
003 SK-MaSNL
005 20260301115021.0
008 220509s1999 xo dl frn 10000 slo
015 |a SNBA1999/06-02339 
020 |a 8080412618  |q (brožované) 
035 |a SNK000312944 
035 |a urn:nbn:sk:snk-am3izq3 
035 |a 62C4BCD6-1708-458E-97D2-BDAB00679B44 
035 |a urn:nbn:sk:snk-am00gg1c 
040 |a SNK  |b slo  |c SNK  |e AACR2 
041 0 |a slo 
044 |a xo  |c SK 
072 7 |a 007  |x Teória systémov. Automatické systémy. Kybernetika. Informačné systémy  |2 konspekt 
072 7 |a 373.2/.3  |x Predškolská a primárna výchova a vzdelávanie  |2 konspekt 
072 7 |a 373.5/.6  |x Stredné školy  |2 konspekt 
080 |a 371.3:681.3(082)  |2 1981 
080 |a 681.3(082)  |2 1981 
080 |a 007+004  |2 2011 
080 |a 373.3  |2 2011 
080 |a 373.5+377  |2 2011 
080 |a (062.534)  |2 2011 
111 2 |a DidInfo  |n (4. :  |d 1998 :  |c Banská Bystrica, Slovensko)  |4 aut  |9 36748 
245 1 0 |a DIDINFO '98  |n 2. zv.  |b zborník z kolokvia o vyučovaní informatiky na základných a stredných školách 
260 |a Banská Bystrica  |b Metodické centrum  |c 1999 
300 |a Strana 85-142  |b grafy, schémy, tabuľky  |c 21 cm 
366 |e 210 kusov 
504 |a Obsahuje bibliografické odkazy 
650 0 7 |a informatika  |2 SNKPH  |9 1124 
650 0 7 |a základné školy  |2 SNKPH  |9 1280 
650 0 7 |a stredné školy  |2 SNKPH  |9 1279 
655 7 |a zborníky konferencií  |2 SNKPH  |9 70153 
919 |a 80-8041-261-8 
958 |a OND 
958 |a ART 
958 |a TL 
958 |a NB 
999 |c 720653  |d 722583 
952 |t P60, <03>, [BOOK], {603}  |a SNK  |b SNK  |y PREZ  |7 0  |p 17A0187894  |o snkSC 98224/2  |i snkKSP 3546/99  |0 0  |1 0  |4 0  |d 1999-04-07  |l 0  |r 2025-09-18 00:00:00  |w 2026-02-23 
952 |t P60, <04>, [BOOK], {604}  |a SNK  |b SNK  |y VYP  |7 0  |p 17A0187895  |o snkSC 98224/2 D1  |i snkKSP 3547/99  |0 0  |1 0  |4 0  |d 1999-04-07  |l 0  |r 2005-01-02 00:00:00  |w 2026-02-23